| 000 -LEADER |
| fixed length control field |
00598cam a22001697a 4500 |
| 008 - FIXED-LENGTH DATA ELEMENTS--GENERAL INFORMATION |
| fixed length control field |
180718b1983 xxu||||| |||| 00| 0 eng d |
| 082 ## - DEWEY DECIMAL CLASSIFICATION NUMBER |
| Classification number |
T25x42 W584 |
| 100 ## - MAIN ENTRY--PERSONAL NAME |
| Personal name |
White, Michael |
| 245 ## - TITLE STATEMENT |
| Title |
Under Japanese management: the experience of British workers |
| Statement of responsibility, etc. |
by Michael White and Malcolm Trevor |
| 260 ## - PUBLICATION, DISTRIBUTION, ETC. |
| Place of publication, distribution, etc. |
London |
| Name of publisher, distributor, etc. |
Heinemann |
| Date of publication, distribution, etc. |
1983 |
| 300 ## - PHYSICAL DESCRIPTION |
| Extent |
162p. |
| 650 ## - SUBJECT ADDED ENTRY--TOPICAL TERM |
| Topical term or geographic name entry element |
Personnel management --Great Britain |
| 650 ## - SUBJECT ADDED ENTRY--TOPICAL TERM |
| Topical term or geographic name entry element |
Comparative management |
| 650 ## - SUBJECT ADDED ENTRY--TOPICAL TERM |
| Topical term or geographic name entry element |
Industrial relations --Great Britain |
| 650 ## - SUBJECT ADDED ENTRY--TOPICAL TERM |
| Topical term or geographic name entry element |
Corporations, Japanese --Great Britain --Personnel management |
| 700 ## - ADDED ENTRY--PERSONAL NAME |
| Personal name |
Trevor, Malcom |